[Event "Krk Golden Island op 1st"]
[Site "Malinska"]
[Date "2013.04.06"]
[Round "1"]
[White "Jelica, Mara"]
[Black "Mrsic, Ivan"]
[Result "1-0"]
[WhiteElo "2224"]
[BlackElo "1654"]
[PlyCount "59"]
[EventDate "2013.04.06"]
[EventType "swiss"]
[EventRounds "9"]
[EventCountry "CRO"]
[SourceTitle "CBM 153 Extra"]
[Source "ChessBase"]
[SourceDate "2013.04.22"]
[SourceVersion "1"]
[SourceVersionDate "2013.04.22"]
[SourceQuality "1"]

1. e4 c5 2. Nc3 Nc6 3. f4 d6 4. Nf3 Qc7 5. Bb5 Bd7 6. 0-0 a6 7. Bxc6 Bxc6 8. d3 Nf6 9. f5 e5 10. Qe1 Be7 11. Qg3 g6 12. Nh4 0-0-0 13. Bg5 Nh5 14. Qg4 Bxg5 15. fxg6+ Kb8 16. g7 Be3+ 17. Kh1 Nxg7 18. Qxg7 Rhg8 19. Qxf7 Qc8 20. Nf5 Rdf8 21. Qb3 Bf4 22. Nd5 Rxf5 23. exf5 Qxf5 24. Rf2 Qg5 25. Raf1 Rg6 26. g3 b5 27. gxf4 exf4 28. c4 a5 29. a4 b4 30. Qd1 1-0